Statistics for Chelsea FC Squad 2017-2018

Click here to take the quiz!

General Stats

  • This quiz has been taken 2,038 times
  • The average score is 19 of 25

Answer Stats

NbrPostNationalityPlayer% Correct
10MFBelgiumEden Hazard
98%
7MFFranceN'Golo Kanté
94%
2DFGermanyAntonio Rudiger
91%
13GKBelgiumThibaut Courtois
91%
3DFSpainMarcos Alonso
89%
22MFBrazilWillian
87%
9FWSpainAlvaro Morata
86%
28DFSpainCesar Azpilicueta
86%
4MFSpainCesc Fabregas
86%
11MFSpainPedro
86%
24DFEnglandGary Cahill
85%
-CoachItalyAntonio Conte
84%
15MFNigeriaVictor Moses
83%
1GKArgentinaWilly Caballero
83%
30DFBrazilDavid Luiz
80%
27DFDenmarkAndreas Christensen
77%
19FWSpainDiego Costa
70%
21DFItalyDavide Zappacosta
66%
23FWBelgiumMichy Batshuayi
65%
6MFEnglandDanny Drinkwater
64%
14MFFranceTiiemoue Bakayoko
59%
16MFBrazilKenedy
43%
37GKPortugalEduardo
41%
17MFBelgiumCharly Musonda
39%
-DFGhanaBaba Rahman
35%

Score Distribution

Percentile by Number Answered

Percent of People with Each Score

Your Score History

You have not taken this quiz